Central Library OPAC University of Rajshahi

Land policy in Palestine / (Record no. 34572)

MARC details
000 -LEADER
fixed length control field 00776nam a2200253 a 4500
001 - CONTROL NUMBER
control field 34572
003 - CONTROL NUMBER IDENTIFIER
rucl marc code BD-RjUL
005 - DATE AND TIME OF LATEST TRANSACTION
control field 20211209052200.0
008 - FIXED-LENGTH DATA ELEMENTS--GENERAL INFORMATION
fixed length control field 190330s1940 nyua 001 0 eng
035 ## - SYSTEM CONTROL NUMBER
System control number (BD-RjUL)34666
040 ## - CATALOGING SOURCE
Original cataloging agency DLC
Transcribing agency CarP
Modifying agency DLC
-- BD-RjUL
Language of cataloging eng
041 ## - LANGUAGE CODE
Language code of text/sound track or separate title eng
043 ## - GEOGRAPHIC AREA CODE
Geographic area code a-is---
082 ## - DEWEY DECIMAL CLASSIFICATION NUMBER
Edition number 23
Classification number 331.1095694
Author mark and year GRL 1940
100 1# - MAIN ENTRY--PERSONAL NAME
Personal name Granovsky, A.
Fuller form of name (Abraham),
Dates associated with a name 1890-1962.
9 (RLIN) 229829
245 10 - TITLE STATEMENT
Title Land policy in Palestine /
Statement of responsibility, etc. by A. Granovsky
260 ## - PUBLICATION, DISTRIBUTION, ETC. (IMPRINT)
Place of publication, distribution, etc. New York:
Name of publisher, distributor, etc. Bloch publishing company,
Date of publication, distribution, etc. 1940.
300 ## - PHYSICAL DESCRIPTION
Pagination xv, 208 p. :
Illustrations Ill. ;
Size 21 cm.
500 ## - GENERAL NOTE
General note "The Jewish Book Concern"
610 20 - SUBJECT ADDED ENTRY--CORPORATE NAME
Corporate name or jurisdiction name as entry element Jewish National Fund.
650 #0 - SUBJECT ADDED ENTRY--TOPICAL TERM
Topical term or geographic name as entry element Land tenure
Geographic subdivision Palestine.
9 (RLIN) 229831
Topical term or geographic name as entry element Land, Nationalization of.
9 (RLIN) 229832
942 ## - ADDED ENTRY ELEMENTS (KOHA)
Source of classification or shelving scheme Dewey Decimal Classification
Koha item type Rare Books
Holdings
Lost status Source of classification or shelving scheme Damaged status Not for loan Collection code Permanent Location Current Location Shelving location Date acquired Source of acquisition Cost, normal purchase price Total Checkouts Full call number Date last seen Copy number Koha item type
  Dewey Decimal Classification   Not For Loan Rare Books Central Library, University of Rajshahi Central Library, University of Rajshahi Rare Book Section 07/11/1966 A. I. Quraishi 14.07   RA 331.1095694 GRL 1940 30/03/2019 C-1 Rare Books